Vánoční aleluja pro smíšený sbor s prův. flétny, dvou klarinetů, dvou lesních rohů, smyčcového orchestru a varhan /

Hlavní autor: Gregor, Josef, 1892-1957
Jazyk: Čeština
Vydáno: Brno : Otakar Pokoj, [1931?]
Edice: Naše zpěvy
Fyzický popis: 1 partitura ([6] s.)
Hudebniny Hudebniny
Uloženo v:
LEADER 01170ncm a22002532a 4500
001 001341523
003 CZ BrMZK
005 20140102105231.0
007 qu
008 131101s1931 xr |||||||||||||||||cze d
040 |a BOA001  |b cze 
072 7 |a 784  |x Vokální hudba  |2 Konspekt  |9 9 
100 1 |a Gregor, Josef,  |d 1892-1957  |7 jk01032629  |4 cmp 
245 1 0 |a Vánoční aleluja  |h [hudebnina] :  |b pro smíšený sbor s prův. flétny, dvou klarinetů, dvou lesních rohů, smyčcového orchestru a varhan /  |c dle nápěvů neznámého skladatele zpracoval J. Gregor 
260 |a Brno :  |b Otakar Pokoj,  |c [1931?] 
300 |a 1 partitura ([6] s.) 
490 1 |a Naše zpěvy. Sbírka sborů a písní s průvodem i bez průvodu 
830 0 |a Naše zpěvy 
910 |a BOA001  |b Mus4-0122.801 
990 |a MU 
991 |b 201311 
996 7 |b 2619630501  |c Mus4-0122.801  |l MZK  |r Sklad / do 1 hodiny  |n 0  |w 001376347  |u 000010  |a 1  |e BOA001  |j MZK50  |s A 
996 6 |b 2619630502  |c Mus4-0122.801  |l MZK  |r Sklad / do 1 hodiny  |n 0  |w 001376347  |u 000020  |a 1  |e BOA001  |j MZK50  |s P 
996 7 |b 2619630503  |c Mus4-0122.801  |l MZK  |r Sklad / do 1 hodiny  |n 0  |p výtisk obsahuje list z jiného titulu  |w 001376347  |u 000030  |a 1  |e BOA001  |j MZK50  |s A